Countries Celebrating Christmas on January 7th - Statistics

General Stats
  • This quiz has been taken 86 times
    80 since last reset
  • The average score is 9 of 13
Answer Stats
Answer % Correct
Russia
96%
Belarus
90%
Ukraine
89%
Georgia
80%
Serbia
79%
Kazakhstan
74%
Moldova
71%
Montenegro
70%
North Macedonia
64%
Ethiopia
54%
Egypt
43%
Israel
43%
Eritrea
41%
No matching quizzes found
Score Distribution
Percent of People with Each Score
Percentile by Number Answered
Your Score History
You have not taken this quiz since the last reset